Livestock and public access (Record no. 111981)

MARC details
000 -LEADER
fixed length control field 01044cad a22002295a 4500
001 - CONTROL NUMBER
control field E152306
008 - FIXED-LENGTH DATA ELEMENTS--GENERAL INFORMATION
fixed length control field 110221s2010 xxk f s 000 0 eng d
020 ## - INTERNATIONAL STANDARD BOOK NUMBER
International Standard Book Number 9781842195963
035 ## - SYSTEM CONTROL NUMBER
System control number (Sirsi) u152306
041 0# - LANGUAGE CODE
Language code of text/sound track or separate title eng
100 1# - MAIN ENTRY--PERSONAL NAME
Personal name de Silva, Carrie
111 2# - MAIN ENTRY--MEETING NAME
Meeting name or jurisdiction name as entry element RICS Roots Rural Research Conference
Location of meeting Plumpton College
Date of meeting or treaty signing 13-14 April, 2010
245 00 - TITLE STATEMENT
Title Livestock and public access
Remainder of title why strict liability exists as a legal principle, what is "reasonable" care, and should livestock keepers be concerned about recent court decisions?
Medium [electronic resource]
260 ## - PUBLICATION, DISTRIBUTION, ETC.
Place of publication, distribution, etc. London
Name of publisher, distributor, etc. RICS
Date of publication, distribution, etc. 2010
520 ## - SUMMARY, ETC.
Summary, etc. A paper presented at the RICS Roots Rural Research Conference held at Plumpton College on 13-14 April, 2010.
521 ## - TARGET AUDIENCE NOTE
Target audience note Advanced
590 ## - LOCAL NOTE (RLIN)
Local note KA
651 #4 - SUBJECT ADDED ENTRY--GEOGRAPHIC NAME
Geographic name United Kingdom
Chronological subdivision
690 ## - LOCAL SUBJECT ADDED ENTRY--TOPICAL TERM (OCLC, RLIN)
Topical term or geographic name as entry element ENVIRONMENTAL AND LAND CONSULTANCY-AGRIBUSINESS-AGRICULTURE
856 40 - ELECTRONIC LOCATION AND ACCESS
Uniform Resource Identifier <a href="https://www.rics.org/profession-standards/knowledge-and-information-services/document-delivery-and-o">https://www.rics.org/profession-standards/knowledge-and-information-services/document-delivery-and-o</a>
Public note email [email protected] to request a copy
942 ## - ADDED ENTRY ELEMENTS (KOHA)
Suppress in OPAC 0
Holdings
Withdrawn status Lost status Source of classification or shelving scheme Damaged status Not for loan Home library Current library Shelving location Date acquired Total Checkouts Full call number Copy number Price effective from Koha item type
    Dewey Decimal Classification     Virtual Virtual Online 21/02/2011   SCAN 1 06/08/2019 Online material